How Well Do You Know Zoella/Zoe Sugg?? - Statistics

General Stats
  • This quiz has been taken 313 times
  • The average score is 16 of 30
Answer Stats
Hint Answer % Correct
What is her brother's youtube name? Thatcher Joe
93%
What is her brother's name? Joe Sugg
91%
What is her pug called? Nala
89%
Where does she currently live? Brighton
88%
Who is her boyfriend? Alfie Deyes
85%
What is her twitter name? @zoella
80%
What does she suffer with? Anxiety
79%
What is her debut novel called? Girl Online
78%
Who is her bestest chummy? Louise
78%
What size feet does she have? 3
69%
What major movie series did she play an extra in? Harry Potter
68%
What is her full name? Zoe Elizabeth Sugg
63%
What is Zoe's vlog channel called? MoreZoella
60%
Which youtube subscriber milestone did she just pass (Jan 2016)? 10 million
59%
Where is her beauty range stocked (UK)? Superdrug
58%
When did she start her blog/youtube channel? 2009
56%
What is her beauty range called? Zoella Beauty
55%
What are the names of her guinea pigs? Pippin and Percy
50%
What is her Q&A hashtag? #AskZoella
41%
What is her favourite colour? Orange
40%
Where did she used to live? Wiltshire
33%
What series did she do on her main channel over Christmas? 24 Days Of Zoella
32%
What is her dad called? Graham
32%
Who did she do the video with? Miranda Sings
29%
What is her most popular video? 7 second challenge
23%
What is her twitter name for her follow back account? @ZozeeBo
16%
When is her birthday? 28/03/90
13%
What is her favourite food? Mashed potatoes
6%
What period drama was she cast a role in? Cramford
2%
How tall is Zoe? 5ft 4.5in
1%
No matching quizzes found
Score Distribution
Percent of People with Each Score
Percentile by Number Answered
Your Score History
You have not taken this quiz